| 000 | 00601nam a2200229Ia 4500 | ||
|---|---|---|---|
| 003 | OSt | ||
| 005 | 20220928105149.0 | ||
| 006 | a|||||r|||| 00| 0 | ||
| 007 | ta | ||
| 008 | 220927b |||||||| |||| 00| 0 eng d | ||
| 024 | _a44252 | ||
| 037 | _cTextual | ||
| 040 |
_aSDCL _cSDCL _beng |
||
| 041 |
_2eng _aeng |
||
| 082 | _aO152,1J32,1K, L3 | ||
| 100 |
_aPandey Vashishdutt _9414158 |
||
| 245 | 0 | _aManas sandhaf kosh | |
| 260 |
_aKanpur _bGranthum _c1973 |
||
| 300 |
_a336p. _ccm. |
||
| 942 |
_hO152,1J32,1K, L3 _cTEXL _2CC |
||
| 999 |
_c729973 _d729973 |
||